Cultura giuridica e politica del diritto

Đã lưu trong:
Chi tiết về thư mục
Tác giả chính: Tarello, Giovanni (Tác giả)
Định dạng: Sách
Ngôn ngữ:Tiếng Italy
Được phát hành: Bolonia Il Mulino 1988
Những chủ đề:
Các nhãn: Thêm thẻ
Không có thẻ, Là người đầu tiên thẻ bản ghi này!

MARC

LEADER 00000nam a2200000 a 4500
001 UCX9825
003 CL-VaPUC
008 940628e19880000IT |||||||||||||||||ita|d
082 0 4 |a 340.1  |b TAR  |2 21 
100 0 |a Tarello, Giovanni  |e author  |9 327297 
245 1 0 |a Cultura giuridica e politica del diritto 
300 |a 498 p 
942 |c BK 
945 |d 19940628 00:00:00  |a aalvarez 
260 |a Bolonia  |b Il Mulino  |c 1988 
650 7 |a DERECHO  |2 CL-VaPUC  |9 327298 
650 0 |a Historia y crítica   |9 257407 
650 0 |a Filosofía del derecho   |9 255050 
583 |a last modification  |c 19940628 00:00:00  |k Rodrigo Vera 
999 |c 228957  |d 228955 
952 |0 0  |1 0  |4 0  |6 340_100000000000000_TAR_1988  |7 0  |8 DER_HIS  |9 229465  |a BIBDER  |b BIBDER  |d 2019-11-15  |i 2983109  |o 340.1 TAR 1988  |p 2983109  |r 2023-01-25  |w 2019-11-15  |x Ubicación 4to Piso  |y BK  |z Estos recursos deben solicitarse con anticipación  |k DER